000 01083nam a2200277 a 4500
001 000006764
003 DO-SdBNP
005 20240416104820.0
008 090902s2000 dr 001 0 spa d
020 _a9993481904
040 _aDO-SdBNP
_bspa
_cBPMSU
082 _aRD863.44
_bV443a 2000
_222
245 0 0 _aArqueología de las sombras :
_bla narrativa de Marcio Veloz Maggiolo /
_cEditor Fernando Valerio.
260 _aSanto Domingo :
_bPatronato de la Ciudad Colonial de Santo Domingo ,
_c2000.
300 _a262 p. ;
_c23 cm.
500 _aIncluye referencias bibliográficas y notas al pie de las páginas
500 _aIncluye datos biográficos del editor en la solapa de la cubierta
590 _aInventariado, 2022/VM
600 1 4 _aVeloz Maggiolo, Marcio
_d1936-2021
_xObra de ficción
650 4 _aNovela dominicana
_xHistoria y crítica
650 4 _aLiteratura dominicana
700 1 _aValerio-Holguín, Fernando
_d1956-
_eeditor
710 2 _aPatronato de la Ciudad Colonial de Santo Domingo
910 _aVMateo V.Control de calidad. BPMSU
942 _2ddc
_cBK
999 _c14003
_d14003